000 00734cam6a220022900 4500
001 lce01004415
008 700821s1967 nr 000 0 eng
010 _a 75003001
035 _a(Sirsi) r91925
035 _a(DLC) 75003001
035 _a(UPRA)lce01004415
041 1 _aeng yor
_heng yor
050 0 _aDT515.9.L3
_bL6
082 _a966.9/1
100 1 _aLosi, John B.
_6A50887.1
245 1 0 _aHistory of Lagos,
_cby John B. Losi.
260 _a[Lagos, Nigeria;
_bAfrican Education Press,
_c1967]
500 _aTranslation of the author's Yoruba version first published in 1914.
651 0 _aLagos -- History.
_xLagos -- History.
_6S39823.1
949 _aDT515.9.L3
_wlcc
_i-129242
_mMAIN
_tBOOK
_lON-SHELF
004 91925
999 _c110951
_d110951